Wird geladen...

A Text Book Of Preventive Veterinary Medicine

Bibliographische Detailangaben
1. Verfasser: Amalendu Chakrabarti
Format: Printed Book
Sprache:English
Veröffentlicht: New Delhi Kalyani 1993
Schlagworte:
LEADER 01403nam a22002297a 4500
008 200310b ||||| |||| 00| 0 eng d
999 |c 23730  |d 23730 
020 |a 97893272755568 
082 |a 636.089444  |b CHA/TE 
100 |a Amalendu Chakrabarti 
245 |a A Text Book Of Preventive Veterinary Medicine  
260 |a New Delhi  |b Kalyani   |c 1993 
300 |a 739 p 
500 |a General Aspects Viral Diseases Diseases of poultry Protozoan Diseases 
650 |2 Veterinary Medicine  |v Veterinary Medicine 
942 |2 ddc  |c BK 
952 |0 0  |1 0  |2 ddc  |4 0  |6 636_089444000000000_CHA_TE  |7 0  |9 24016  |a COVAS  |b COVAS  |d 2020-03-10  |o 636.089444 CHA/TE  |p 23684  |r 2020-03-10  |w 2020-03-10  |y BK 
952 |0 0  |1 0  |2 ddc  |4 0  |6 636_089444000000000_CHA_TE  |7 0  |9 24017  |a COVAS  |b COVAS  |d 2020-03-10  |o 636.089444 CHA/TE  |p 23685  |r 2020-03-10  |w 2020-03-10  |y BK 
952 |0 0  |1 0  |2 ddc  |4 0  |6 636_089444000000000_CHA_TE  |7 0  |9 24018  |a COVAS  |b COVAS  |d 2020-03-10  |o 636.089444 CHA/TE  |p 23686  |r 2020-03-10  |w 2020-03-10  |y BK 
952 |0 0  |1 0  |2 ddc  |4 0  |6 636_089444000000000_CHA_TE  |7 0  |9 24019  |a COVAS  |b COVAS  |d 2020-03-10  |l 1  |o 636.089444 CHA/TE  |p 23687  |r 2020-03-10  |s 2020-03-10  |w 2020-03-10  |y BK 
952 |0 0  |1 0  |2 ddc  |4 0  |6 636_089444000000000_CHA_TE  |7 0  |9 24020  |a COVAS  |b COVAS  |d 2020-03-10  |o 636.089444 CHA/TE  |p 23688  |r 2020-03-10  |w 2020-03-10  |y BK 
952 |0 0  |1 0  |2 ddc  |4 0  |6 636_089444000000000_CHA_TE  |7 0  |9 24021  |a COVAS  |b COVAS  |d 2020-03-10  |o 636.089444 CHA/TE  |p 23689  |r 2020-03-10  |w 2020-03-10  |y BK